Musical By Lyrics II Quiz Stats

 Plays Quiz Updated Mar 4, 2020

Support Sporcle.
Go Orange.
Score 0/21 Timer 10:00
0 Plays Today
Lyric Musical % Correct
Impossible! For a plain yellow pumpkin to become a golden carriage!Cinderella
90%
Maria! I just met a girl named Maria. And suddenly that name, will never be the same, to me.West Side Story
85.3%
I think it's time that you and I arranged a heart-to-heart. Kings don't need advice from little hornbills for a start.The Lion King
77.2%
Something has changed within me, something is not the same, I'm through with playing by the rules of someone else's game.Wicked
70.6%
Midnight, not a sound from the pavement. Has the moon lost her memory, she is smiling alone.Cats
69.6%
One singular sensation, every little step she takes. One thrilling combination, every move that she makes.A Chorus Line
58.3%
One song glory, one song before I go glory, one song to leave behind. Find one song, one last refrain glory.Rent
47.3%
There were copper bottom tympani in horse platoons Thundering, thundering all along the way. Double bell euphoniums and big bassoons, Each bassoon having it's big, fat say!Music Man
46.8%
There's no business like show business if you tell me it's so. Traveling through the country is so thrilling, standing out in front on opening nights.Annie Get Your Gun
37.9%
In other words, just from waiting around for that plain little band of gold, a person can develop a cold.Guys and Dolls
34.9%
Whatever Lola wants Lola gets. And little man, little Lola wants you. Make up your mind to have no regrets. Recline yourself, resign yourself, you're through.Damn Yankees
34.7%
Lyric Musical % Correct
He's a very smart prince, he's a prince who prepares.Into The Woods
34.7%
And now it's up to me, and it's time to man up. Jesus had his time to, now it's mine to man up.The Book of Mormon
34.6%
Seems a downright shame, seems an awful waste. Such a nice plump frame what's his name has-had-has. Nor it can't be traced.Sweeney Todd
30.1%
I'm very good at integral and differential calculus, I know the scientific names of beings animaculous.Pirates of Penzance
25.7%
Oh, blow, Gabriel, blow, go on and blow, Gabriel, blow! I've been a sinner, I've been a scamp, but now I'm willin' to trim my lamp. So blow, Gabriel, blow!Anything Goes
25.1%
Give me a day, Jamie bring back the lies hang them back on the wall. Maybe I'd see, how you could be so certain that we had no chance, at all.The Last Five Years
21.7%
If I won the lotto tomorrow well I know I wouldn't bother going on no spending spree. I'd pick a business school and pay the entrance fee.In the Heights
20.6%
We'll see the shows at Delmonicos and we'll close the town in a whirl and we won't come until we've kissed a girl!Hello, Dolly!
19.8%
And in my twisted face, there's not the slightest trace of anything that even hints of kindness.Beauty and the Beast
19.4%
Everybody's got the right to be happy, Don't be mad, life's not as bad as it seems, If you keep your goal in sight, you can climb to any height.Assassins
10.6%

From the Vault

Only One Is Not...a US President

by MSUKent

History 60s
Actually, quite a few things are not US presidents, but we digress.
Remove Ads.
Support Sporcle.
Get the best of Sporcle when you Go Orange. This ad-free experience offers more features, more stats, and more fun while also helping to support Sporcle. Thank you for becoming a member.

Show Comments

Extras

Top Quizzes Today


Score Distribution

Your Account Isn't Verified!

In order to create a playlist on Sporcle, you need to verify the email address you used during registration. Go to your Sporcle Settings to finish the process.

Report this User

Report this user for behavior that violates our Community Guidelines.

Details: